International relations since 1945. (Record no. 504)

MARC details
000 -LEADER
fixed length control field 00487cam a2200181ua 4500
008 - FIXED-LENGTH DATA ELEMENTS--GENERAL INFORMATION
fixed length control field 110409n ii |||gr||||Z||||||eng
040 ## - CATALOGING SOURCE
Transcribing agency MAIN
082 ## - DEWEY DECIMAL CLASSIFICATION NUMBER
Classification number 327.09044
245 ## - TITLE STATEMENT
Title International relations since 1945.
Statement of responsibility, etc. By Madan Gopal Gupta.
250 ## - EDITION STATEMENT
Edition statement 4th.
260 ## - PUBLICATION, DISTRIBUTION, ETC.
Place of publication, distribution, etc. Allahabad.:
Name of publisher, distributor, etc. Chaitanya publishing house.,986.
300 ## - PHYSICAL DESCRIPTION
Extent xii, 364 p.:6 cm.
700 ## - ADDED ENTRY--PERSONAL NAME
Personal name Gupta, Madan Lal.,
942 ## - ADDED ENTRY ELEMENTS (KOHA)
Koha item type Books
653 ## - INDEX TERM--UNCONTROLLED
Uncontrolled term Political science.
653 ## - INDEX TERM--UNCONTROLLED
Uncontrolled term International relations.
Holdings
Withdrawn status Lost status Damaged status Not for loan Home library Current library Shelving location Date acquired Total Checkouts Full call number Barcode Date last seen Copy number Price effective from Koha item type
        Central Library, Naharkatiya College Central Library, Naharkatiya College   19/09/2020   327.09044 | GUP 670 19/09/2020 1 19/09/2020 Books
        Central Library, Naharkatiya College Central Library, Naharkatiya College   19/09/2020   327.09044 | GUP 671 19/09/2020 2 19/09/2020 Books
        Central Library, Naharkatiya College Central Library, Naharkatiya College   19/09/2020   327.09044 | GUP 820 19/09/2020 3 19/09/2020 Books
        Central Library, Naharkatiya College Central Library, Naharkatiya College   19/09/2020   327.09044 | GUP 821 19/09/2020 4 19/09/2020 Books

Naharkatiya College © 2020. All rights reserved.

Powered By